| 000 | 00958nam0a22002771 4500 | ||
|---|---|---|---|
| 001 | RU\INFOCOMM_322\NLR\5000152636 | ||
| 005 | 20250613105602.0 | ||
| 035 | _a(NLR Aleph) 009526964 | ||
| 090 |
_a8863088 _c8863088 |
||
| 100 | _a20130205d1987 |||y0rusy50 ca | ||
| 101 | 1 |
_afre _crus |
|
| 102 | _aRU | ||
| 105 | _ay z ||||| | ||
| 200 | 1 |
_aLéningrad _f[Aut.: Alla Béliakova, Eléna Dorochinskaïa, Yvetta Kniazéva et al. _gTrad. du russe par Marine Vichnevskaïa] |
|
| 210 |
_aM. _cÉd. de l'Agence de presse "Novosti" _d1987 |
||
| 215 |
_a86 с., [8] л. цв. ил. _cил., цв. ил., факс. _d19 см |
||
| 300 | _aВ вып. дан.: Ленинград | ||
| 620 | _aМосква | ||
| 686 |
_aД890(2Р31-4Ле-2) _2rubbk |
||
| 701 | 1 |
_9z01790 _aBeljakova _bA. _gAlla |
|
| 790 | 1 |
_9z01701 _aBéliakova _bA. _gAlla _4070 |
|
| 801 | 1 |
_aRU _bInfocomm _c20130205 |
|
| 801 | 0 |
_aRU _bINFOCOMM _gPSBO |
|
| 852 |
_aNLR _jГ01 Д-3/838 |
||
| 942 | _cBOOK | ||
| 980 | _aNB | ||